| 000 | 00849nam a2200229 i 4500 | ||
|---|---|---|---|
| 001 | 000025358 | ||
| 003 | DO-SdBNP | ||
| 005 | 20250407110057.0 | ||
| 008 | 110215e20uu dr ad 000 0 spa d | ||
| 040 |
_aDO-SdBNP _bspa _cBNPHU _erda |
||
| 082 | 4 |
_axxx _bC278a _222 |
|
| 100 | 1 |
_aCarles Medarde, Cristina, _eautor _4aut. _951931 |
|
| 245 | 1 | 0 |
_aAvanzar planificando : _buna guía práctica para la elaboración de proyectos / _cCristina Carles Medarde, Miguel Expósito Verdejo. |
| 264 | 1 |
_aSanto Domingo : _bVeteranos sin fronteras, _c[201-]. |
|
| 300 |
_a117 páginas : _bIlustraciones, diagramas ; _c27 cm. |
||
| 336 |
_atexto _btxt _2rdacontent |
||
| 337 |
_asin mediación _bn _2rdamedia |
||
| 338 |
_avolumen _bnc _2rdacarrier |
||
| 590 | _aInventariado 2023 / MF | ||
| 700 | 1 |
_aExpósito Verdejo, Miguel, _eautor _4aut. _951932 |
|
| 942 |
_2ddc _cLBS1 |
||
| 999 |
_c24850 _d24850 |
||